| 000 | 00790nam a22002177a 4500 | ||
|---|---|---|---|
| 005 | 20230919104335.0 | ||
| 008 | 230811b mx |||||||| |||| 00| 0 spa d | ||
| 020 | _a9786072812062 (UNAM) | ||
| 020 | _a9786077114369 (Juan Pablos Editor) | ||
| 050 | 0 | 4 |
_aML3845 _bR63 2017 |
| 100 | 1 | _aRocha Iturbide, Manuel | |
| 245 | 1 | 0 |
_aDesde la escucha _b : creación, investigación e intermedia _c / Manuel Rocha Iturbide. |
| 250 | _a1a ed. | ||
| 260 |
_aMéxico : _bJuan Pablos Editor ; _bUniversidad Autónoma Metropolitana, _c2017 |
||
| 300 |
_a189 p. : _bil. ; _c26 cm. |
||
| 490 | 0 | _aDocumentos DAH | |
| 504 | _aBibliografía 185-189 | ||
| 600 | 1 | 4 |
_aRocha Iturbide, Manuel _xEntrevista |
| 650 | 7 |
_2lemb _aMúsica _xFilosofía y estética |
|
| 942 |
_2lcc _cLIB |
||
| 999 |
_c85619 _d85619 |
||